000 02880nas2a22004211i 4500
001 RU\NLR\IC100\5000003608
005 20260407061755.0
035 _a(NLR Aleph) 002554320
090 _a3047965
_c3047965
100 _a20040609b19571963|||y0rusy50 ca
101 0 _arus
102 _aRU
110 _azyu||||0|y0
200 1 _aОчерки истории музейного дела в СССР
_fМ-во культуры РСФСР. Науч.-исслед. ин-т музееведения и охраны памятников истории и культуры
207 1 _a[Вып.1]-7
210 _aМ.
_d1957-1963
225 2 _aТруды Научно-исследовательского института музееведения
_v...
311 _aС вып. 6 (1968) выходит самостоятельно (шифр: П51/110)
430 1 _12001#$aИстория музейного дела в СССР
_tИстория музейного дела в СССР
430 1 _12001#$aОчерки истории музейного дела в России
_tОчерки истории музейного дела в России
430 1 _12001#$aВопросы истории музейного дела в СССР
_tВопросы истории музейного дела в СССР
461 0 _1001RU\NLR\INFOCOMM5\1000358105
_12001#$aТруды Научно-исследовательского института музееведения
_92935685
_aНИИ музееведения (Москва)
_cМ.
_d1957-
_nГоскультпросветиздат
_tТруды Научно-исследовательского института музееведения
712 0 2 _4570
_aНИИ музееведения
_cМосква
_3RU\NLR\AUTH\8810028853
_9556271
801 1 _aRU
_bInfoComm
_c20040609
801 0 _aRU
_bNLR
_gPSBO
852 _aNLR
_jП28/796
942 _cSE
980 _aRUSPER